Glutamate receptors. (Record no. 761465)

MARC details
000 -LEADER
fixed length control field 00757nam a2200277Ia 4500
003 - CONTROL NUMBER IDENTIFIER
control field OSt
005 - DATE AND TIME OF LATEST TRANSACTION
control field 20220928115920.0
008 - FIXED-LENGTH DATA ELEMENTS--GENERAL INFORMATION
fixed length control field 220927b |||||||| |||| 00| 0 eng d
037 ## - SOURCE OF ACQUISITION
Terms of availability Textual
040 ## - CATALOGING SOURCE
Original cataloging agency SDCL
Transcribing agency SDCL
Language of cataloging eng
041 ## - LANGUAGE CODE
Source of code eng
Language code of text/sound track or separate title eng
100 ## - MAIN ENTRY--PERSONAL NAME
Personal name Gereau Robert W Ed.
9 (RLIN) 446732
245 #0 - TITLE STATEMENT
Title Glutamate receptors.
260 ## - PUBLICATION, DISTRIBUTION, ETC.
Place of publication, distribution, etc. Totowa
Name of publisher, distributor, etc. Humana Press
Date of publication, distribution, etc. 2008
300 ## - PHYSICAL DESCRIPTION
Extent xi,576p.
Dimensions cm.
490 ## - SERIES STATEMENT
Series statement Receptors
650 ## - SUBJECT ADDED ENTRY--TOPICAL TERM
Topical term or geographic name entry element Glutamate
9 (RLIN) 446733
650 ## - SUBJECT ADDED ENTRY--TOPICAL TERM
Topical term or geographic name entry element Gereau Robert W
9 (RLIN) 446734
700 ## - ADDED ENTRY--PERSONAL NAME
Personal name Swanson Geoffrey T Ed.
9 (RLIN) 446735
942 ## - ADDED ENTRY ELEMENTS (KOHA)
Classification part L7, P8
Koha item type Textual
Source of classification or shelving scheme Colon Classification (CC)
Holdings
Withdrawn status Lost status Damaged status Not for loan Home library Current library Date acquired Total Checkouts Full call number Barcode Date last seen Price effective from Koha item type
        South Campus Library South Campus Library 2022-09-28   L7 P8 SC1306754 2022-09-28 2022-09-28 Textual
Copyright @ Delhi University Library System